ՀՀ Գիտությունների ազգային ակադեմիայի հիմնարար գիտական գրադարան  =   Fundamental Scientific Library of NAS RA

Չորս տարի Քիւրտիստանի լեռներուն մէջ / (Record no. 99117)

MARC details
000 -LEADER
fixed length control field 00844nam a2200217 a 4500
001 - CONTROL NUMBER
control field 000273007
003 - CONTROL NUMBER IDENTIFIER
control field AM-YeHGA
005 - DATE AND TIME OF LATEST TRANSACTION
control field 20250618071811.0
008 - FIXED-LENGTH DATA ELEMENTS--GENERAL INFORMATION
fixed length control field 031016s1972 ai |||||r|||||||||0|arm|d
040 ## - CATALOGING SOURCE
Original cataloging agency AM-YeHGA
041 0# - LANGUAGE CODE
Language code of text/sound track or separate title arm
090 ## - LOCALLY ASSIGNED LC-TYPE CALL NUMBER (OCLC); LOCAL CALL NUMBER (RLIN)
-- 100428
100 1# - MAIN ENTRY--PERSONAL NAME
Personal name Հայկազ Արամ,
Fuller form of name Չեքեմյան, Արամ Արսենի,
Dates associated with a name 1900-1986
245 10 - TITLE STATEMENT
Title Չորս տարի Քիւրտիստանի լեռներուն մէջ /
Statement of responsibility, etc. Արամ Հայկազ ; Խմբ.՝ Պ. Սնապեան.
260 ## - PUBLICATION, DISTRIBUTION, ETC.
Place of publication, distribution, etc. Ա. ե. :
Name of publisher, distributor, etc. Գէորգ Մելիտինեցի գրական մրցանակ,
Date of publication, distribution, etc. 1972.
300 ## - PHYSICAL DESCRIPTION
Extent 512 էջ ;
Dimensions 25 սմ.
440 #0 - SERIES STATEMENT/ADDED ENTRY--TITLE
Title Գէորգ Մելիտինեցի գրական մրցանակ
Volume/sequential designation 6
650 14 - SUBJECT ADDED ENTRY--TOPICAL TERM
Topical term or geographic name entry element Պատմություն
700 1# - ADDED ENTRY--PERSONAL NAME
Personal name Սնապյան, Պողոս Մարկոսի,
Dates associated with a name 1927-2014
Relator term խմբ.
Relationship edt
9 (RLIN) 3742
942 ## - ADDED ENTRY ELEMENTS (KOHA)
Source of classification or shelving scheme Universal Decimal Classification
Koha item type Գրքեր / Books
Holdings
Withdrawn status Lost status Source of classification or shelving scheme Damaged status Not for loan Collection Home library Current library Date acquired Total checkouts Full call number Barcode Date last seen Price effective from Koha item type Public note
    Universal Decimal Classification     General Fundamental Scientific Library Fundamental Scientific Library 22/12/2016   AII/77910 220077910 22/12/2016 22/12/2016 Գրքեր / Books 30 Days Loan


ՀՀ ԳԱԱ հիմնարար գիտական գրադարան
ՀՀ,Երևան 0019
Մարշալ Բաղրամյան 24/6
հեռախոս:(374-10) 52-47-50
Հետադարձ կապ

All site content, except where otherwise noted, is licensed under a
Creative Commons License